Marcel Breuer 1902-1981. (Registro nro. 12099)

Detalles MARC
000 -LEADER
longitud fija campo de control 02231Cam#a22006615a#4500
003 - IDENTIFICADOR DE NUMERO DE CONTROL
control del campo AR-RoUNA
005 - FECHA DE LA ULTIMA MODIFICACION
control del campo 20250917120637.0
008 - CAMPO DE CONTROL - LIBROS
longitud fija campo de control 110405s2010||||gw|||||| |||| 0|spa d
020 ## - INTERNATIONAL STANDARD BOOK NUMBER
ISBN 978--3-8228-4887-6
040 ## - ORIGEN DE LA CATALOGACION
Agencia que cataloga la obra original AR-RoUNA
Idioma en que se cataloga spa
041 ## - CODIGO DE IDIOMA
Codigo de idioma del texto / sonido o titulo separado eng
080 ## - CDU
Numero de clasificacion 72.036
092 ## - SIGNATURA TOPOGRAFICA
Seccion Col
Numero de clasificacion 72.036
100 1# - ASIENTO PRINCIPAL - NOMBRE PERSONAL
Nombre personal Cobbers, Arnt.
Fechas asociadas con el nombre 1966-
9 (RLIN) 21176
245 10 - TITULO PROPIAMENTE DICHO
Titulo Marcel Breuer 1902-1981.
Subtitulo Form giver of the twentieth century /
Mencion de responsabilidad, etc Arnt Cobbers; editor Peter Gossel.
260 ## - EDITORIAL - PUBLICACION, DISTRIBUCION, ETC. (Pie de imprenta)
Lugar de publicacion, distribucion, etc Koln (Alemania) :
Nombre del editor, distribuidor, etc Taschen,
Fecha de publicacion 2007.
300 ## - DESCRIPCION FISICA
Extension 96cm :
Otros detalles fisicos il. col.,
Dimensiones 23x18 cm.
505 0# - NOTA DE CONTENIDO CON FORMATO
Título INDICE
505 0# - NOTA DE CONTENIDO CON FORMATO
Título principal Introducción. p. 6
505 0# - NOTA DE CONTENIDO CON FORMATO
Título principal Muebles de la carpintería. p. 18<br/><br/>
505 0# - NOTA DE CONTENIDO CON FORMATO
Título principal Muebles de acero tubular. p. 20<br/>
505 0# - NOTA DE CONTENIDO CON FORMATO
Título principal Diseño de interiores para Piscator. p. 24
505 0# - NOTA DE CONTENIDO CON FORMATO
Título principal Casa del joven Maestro Bambos. p. 26
505 0# - NOTA DE CONTENIDO CON FORMATO
Título principal Casa Harnischmacher. p. 27
505 0# - NOTA DE CONTENIDO CON FORMATO
Título principal Casa Doldertal. p. 30<br/>
505 0# - NOTA DE CONTENIDO CON FORMATO
Título principal Mueble Isokon. p. 32
505 0# - NOTA DE CONTENIDO CON FORMATO
Título principal Pabellón Gane's. p. 34
505 0# - NOTA DE CONTENIDO CON FORMATO
Título principal Casa Breuer I. p. 42
505 0# - NOTA DE CONTENIDO CON FORMATO
Título principal Casa Breuer II. p. 46
505 0# - NOTA DE CONTENIDO CON FORMATO
Título principal Casa de Investigación del MoMA. p. 50<br/>
505 0# - NOTA DE CONTENIDO CON FORMATO
Título principal Cabaña César. p. 52
505 0# - NOTA DE CONTENIDO CON FORMATO
Título principal Sede de la UNESCO. p. 54<br/>
505 0# - NOTA DE CONTENIDO CON FORMATO
Título principal Abadía y Universidad de San Juan. p. 58<br/><br/>
505 0# - NOTA DE CONTENIDO CON FORMATO
Título principal Edificio de la Universidad de Nueva York. p. 64
505 0# - NOTA DE CONTENIDO CON FORMATO
Título principal Casa Hooper II. p. 66<br/><br/>
505 0# - NOTA DE CONTENIDO CON FORMATO
Título principal Centro de Investigación de IBM. p. 70
505 0# - NOTA DE CONTENIDO CON FORMATO
Título principal Iglesia de San Francisco de Sales. p. 72
505 0# - NOTA DE CONTENIDO CON FORMATO
Título principal Estación de esquí de Flaine. p. 74
505 0# - NOTA DE CONTENIDO CON FORMATO
Título principal Casa Hoerfer. p. 78
505 0# - NOTA DE CONTENIDO CON FORMATO
Título principal Museo Whitney de Arte Americano. p. 80<br/>
505 0# - NOTA DE CONTENIDO CON FORMATO
Título principal Casa Geller II. p. 84<br/><br/>
505 0# - NOTA DE CONTENIDO CON FORMATO
Título principal Museo de Arte de Cleveland. p. 86
505 0# - NOTA DE CONTENIDO CON FORMATO
Título principal Casa Saier. p. 88
505 0# - NOTA DE CONTENIDO CON FORMATO
Título principal Lista de obras. p. 90
505 0# - NOTA DE CONTENIDO CON FORMATO
Título principal Mapas. p. 94
505 0# - NOTA DE CONTENIDO CON FORMATO
Título principal Biografía. p. 96
600 10 - MATERIA - NOMBRES PERSONALES
Nombre personal Breuer, Marcel
Fechas asociadas con el nombre 1902-1981
9 (RLIN) 5359
650 4# - MATERIA - TERMINO TEMATICO
Término temático general Arquitectura contemporanea
650 4# - MATERIA - TERMINO TEMATICO
Término temático general Biografias
650 4# - MATERIA - TERMINO TEMATICO
Término temático general Arquitectos
650 4# - MATERIA - TERMINO TEMATICO
Término temático general Obras
700 ## - ENTRADA SECUNDARIA - NOMBRES PERSONALES
Nombre personal Gossel, Peter
Fechas asociadas con el nombre 1956-
Función ed.
9 (RLIN) 1233
908 ## - SOPORTE
Soporte Imp
930 ## - ACCESION
Numero de accesion (NR) 8574
942 ## - FUENTE DE CLASIFICACION
Tipo de item Libro
Clasificacion Universal Decimal Classification
945 ## - INFORMACION DE PROCESAMIENTO
Codigo del operador MTC
Fecha de ingreso o modificacion 2025-09-08
980 ## - DECLARACIÓN DE EQUIVALENCIA O SERIE DE REFERENCIA CRUZADA - NOMBRE / TÍTULO PERSONAL [LOCAL, CANADÁ]
Código del operador que modifico el registro 3
Nombre del operador que modifico el registro Germán Grimolizzi
Código del operador 5
Nombre del operador María Machado
Existencias
Estado retiro Estado perdido Sistema de clasificacion Estado general Biblioteca de origen Ubicacion actual Localizacion en estante Fecha de adquisicion Fuente de adquisicion Prestamos totales Signatura y librística Proveedor Numero de ejemplar Tipo de elemento KOHA Nota no publica
Disponible Disponible udc No dañado Arq. Hilarión H. Larguia Arq. Hilarión H. Larguia Col 08/09/2025 Don   72.036 B846c 18357 ej. 1 Libro  
Disponible Disponible udc No dañado Arq. Hilarión H. Larguia Arq. Hilarión H. Larguia Col 08/09/2025 Don   72.036 B846c 13251 ej. 1 Libro